Not So Famous Movies I Quiz Stats

 Plays Quiz not verified by Sporcle

Also try: Netflix Genres
Challenge
Share
Tweet
Score 0/20 Timer 04:00
1 Play Today
% Correct
J. Edgar
66.9%
Super
47.2%
The Outlaw Josey Wales
44.1%
A Perfect World
22.7%
Jane Got a Gun
21.1%
The Last House on the Left
14.5%
Headhunters
12.7%
Into the Storm
10.9%
The East
10.5%
The Proposition
9.3%
% Correct
Ned Kelly
8.5%
Spooks: The Greater Good
7.8%
Slow West
7.4%
Hours
7.3%
Last Knights
5.3%
An American Crime
5.1%
Forsaken
4.9%
Blackthorn
4.9%
Backcountry
4.1%
Echoes of War
1.8%

You're not logged in!

Compare scores with friends on all Sporcle quizzes.
Join for Free
OR
Log In

You Might Also Like...

Show Comments

Extras

Top Quizzes Today


Score Distribution

Your Account Isn't Verified!

In order to create a playlist on Sporcle, you need to verify the email address you used during registration. Go to your Sporcle Settings to finish the process.

Report this User

Report this user for behavior that violates our Community Guidelines.

Details: